01943cam a2200385 a 450000100060000000300080000600500170001400800390003102000320007003500190010204000320012104100080015308200290016124501060019024600360029626000340033230000320036650000890039850002590048750000600074650001360080650000870094250400510102965000450108065100380112565100420116365100330120570000380123870000510127670000250132774000370135294200120138999900170140195201390141825390BD-RjUL20211209050855.0140318s1940 enka b 001 0 eng a9781904356196 (v. 5, pt. 2) a(BD-RjUL)25460 aDLCcDLCdDLCdBD-RjULbeng aeng00a942.25219bVIC V-7 194004aThe Victoria history of the county of Sussex /cedited by William Page.nVolume 7 pThe rape of Lewes1 aHistory of the county of Sussex aLondon :bA. Constable,c1940 axv,286 p. :bill. ;c32 cm. aVol. 3, <4, 7, 9 > edited by: L.F. Salzman; v. 5, pt. 1, 6 edited by: T.P. Hudson. aVol. 3, <4, 7, 9 > have imprint: London, Published for the University of London Institute of Historical Research by the Oxford University Press; v. 5, pt, 1, 6 have imprint: Published for the Institute of Historical Research by Oxford University Press. a"Translation of the Sussex Domesday": v. 1, p. 387-451. aA history of the county of Sussex : index to volumes 1-4, 7, and 9 (144 p.) edited by Susan M. Keeling and C.P. Lewis, issued 1984. aVol. 5, pt. 1, pt. 2 [and] 6, pt. 3 have title: A history of the county of Sussex. aIncludes bibliographical references and index. 0aNatural historyzEnglandzSussex.978063 0aSussex (England)xHistory.978064 0aSussex (England)xAntiquities.978065 0aEnglandxAntiquities.9780661 aPage, William,d1861-1934.9780671 aSalzman, L. F.q(Louis Francis),d1878-9780681 aHudson, T. P.9780690 aHistory of the county of Sussex. 2ddccBK c25390d25390 00102ddc40728NFICaRUCLbRUCLcReadingd1955-06-28eO.U.Pg35.70l0o942.25 VIC V-7 1940r2014-03-18 00:00:00tC-1w2014-03-18yBK